[Event "Barranquilla Carnaval Cup"]
[Site "Barranquilla"]
[Date "2024.02.03"]
[Round "1"]
[White "Rebolledo Gomez, Ronald"]
[Black "Garcia Meza, Dayner Ricardo"]
[Result "0-1"]
[WhiteElo "1643"]
[BlackElo "1856"]
[PlyCount "94"]
[EventDate "2024.02.03"]
[EventType "swiss"]
[EventRounds "9"]
[EventCountry "COL"]
[SourceTitle "CBM 218 Extra"]
[Source "ChessBase"]
[SourceDate "2024.03.31"]
[SourceVersion "1"]
[SourceVersionDate "2024.03.31"]
[SourceQuality "1"]

1. Nf3 Nf6 2. g3 d5 3. b3 g6 4. Bb2 Bg7 5. c4 c6 6. Bg2 0-0 7. 0-0 Bf5 8. h3 dxc4 9. bxc4 Qb6 10. Qb3 Nbd7 11. d4 Ne4 12. g4 Be6 13. Nc3 Ndf6 14. Rfd1 Rfd8 15. Ne5 Nxc3 16. Bxc3 Nd7 17. e3 Nxe5 18. dxe5 Qc7 19. f4 b5 20. Bf1 Qb6 21. Bd4 c5 22. Bc3 b4 23. Bb2 a5 24. Rxd8+ Rxd8 25. Rd1 Bc8 26. Bg2 Ba6 27. Rd5 Rxd5 28. Bxd5 e6 29. Be4 Qd8 30. Qd3 Qh4 31. Kg2 Qe1 32. Bf3 a4 33. a3 b3 34. Bc6 Bf8 35. Qc3 Qe2+ 36. Kg3 Bxc4 37. Bf3 Qd3 38. Qxd3 Bxd3 39. Bc6 c4 40. Bxa4 Bc5 41. Kf3 Bb6 42. Bc3 Ba5 43. Bd4 Bd2 44. Bd7 c3 45. f5 gxf5 46. gxf5 Bxf5 47. Ba4 b2 0-1

[Event "La Guajira-ch"]
[Site "Maicao"]
[Date "2023.03.17"]
[Round "12"]
[White "Avila Vargas, Juan Manuel"]
[Black "Garcia Meza, Dayner Ricardo"]
[Result "1-0"]
[WhiteElo "1468"]
[BlackElo "1672"]
[PlyCount "115"]
[EventDate "2023.03.16"]
[EventType "tourn (rapid)"]
[EventRounds "17"]
[EventCountry "COL"]
[SourceTitle "CBM 213 Extra"]
[Source "ChessBase"]
[SourceDate "2023.05.31"]
[SourceVersion "1"]
[SourceVersionDate "2023.05.31"]
[SourceQuality "1"]

1. d4 Nf6 2. Bf4 e6 3. e3 d5 4. Nf3 Bd6 5. Ne5 Nbd7 6. Bd3 Bxe5 7. dxe5 Ne4 8. Nd2 Nxd2 9. Qxd2 h5 10. h3 Nc5 11. c3 Nxd3+ 12. Qxd3 a6 13. 0-0-0 Bd7 14. e4 c6 15. exd5 exd5 16. g4 g5 17. Bg3 h4 18. Bh2 Qa5 19. Kb1 Be6 20. f4 gxf4 21. Bxf4 0-0-0 22. Bg5 d4 23. Bxd8 Qxa2+ 24. Kc1 Qa1+ 25. Kd2 Qxb2+ 26. Ke1 Rxd8 27. cxd4 Qb4+ 28. Qd2 Qb3 29. Qd3 Qb4+ 30. Kf2 c5 31. Rb1 Qxd4+ 32. Qxd4 Rxd4 33. Rhd1 Rxd1 34. Rxd1 Kc7 35. Ke3 Kc6 36. Rd6+ Kc7 37. Kd3 a5 38. Kc3 b5 39. g5 b4+ 40. Kb2 Bxh3 41. Ra6 Bf1 42. Rxa5 c4 43. e6 fxe6 44. g6 Bd3 45. g7 c3+ 46. Kb3 Bh7 47. Rh5 c2 48. Rc5+ Kd6 49. Rxc2 Ke7 50. Rf2 h3 51. Kxb4 h2 52. Rxh2 Bg8 53. Rf2 Kd6 54. Kc3 Ke5 55. Rf8 Bh7 56. Kd2 Ke4 57. g8Q Bxg8 58. Rxg8 1-0

[Event "La Guajira-ch"]
[Site "Maicao"]
[Date "2023.03.17"]
[Round "17"]
[White "Garcia Meza, Dayner Ricardo"]
[Black "Coma, Dorian"]
[Result "0-1"]
[WhiteElo "1672"]
[BlackElo "1841"]
[PlyCount "79"]
[EventDate "2023.03.16"]
[EventType "tourn (rapid)"]
[EventRounds "17"]
[EventCountry "COL"]
[SourceTitle "CBM 213 Extra"]
[Source "ChessBase"]
[SourceDate "2023.05.31"]
[SourceVersion "1"]
[SourceVersionDate "2023.05.31"]
[SourceQuality "1"]

1. e4 c5 2. Nc3 a6 3. Nf3 d6 4. d4 cxd4 5. Nxd4 g6 6. Be3 Bg7 7. Be2 Nf6 8. 0-0 0-0 9. Qd2 Nc6 10. a3 Ng4 11. Nxc6 bxc6 12. Bg5 h6 13. Bh4 Rb8 14. b3 g5 15. Bg3 Qa5 16. b4 Qb6 17. Rab1 Ne5 18. Na4 Qa7 19. c4 Be6 20. c5 Rfd8 21. Qc2 d5 22. exd5 Rxd5 23. Nb6 Rd4 24. Rfd1 Rbd8 25. Rxd4 Rxd4 26. Rd1 Rxd1+ 27. Qxd1 a5 28. f4 gxf4 29. Bxf4 axb4 30. axb4 Qa3 31. Qd2 Qa1+ 32. Kf2 Ng6 33. Bxh6 Bxh6 34. Qxh6 Qd4+ 35. Qe3 Qxb4 36. Bd3 Qh4+ 37. Kg1 Nf4 38. Qe4 f5 39. Qb4 Qg4 40. Bf1 0-1

[Event "La Guajira-ch"]
[Site "Maicao"]
[Date "2023.03.17"]
[Round "16"]
[White "Vega Rosas, Brayan Rafael"]
[Black "Garcia Meza, Dayner Ricardo"]
[Result "0-1"]
[WhiteElo "1614"]
[BlackElo "1672"]
[PlyCount "114"]
[EventDate "2023.03.16"]
[EventType "tourn (rapid)"]
[EventRounds "17"]
[EventCountry "COL"]
[SourceTitle "CBM 213 Extra"]
[Source "ChessBase"]
[SourceDate "2023.05.31"]
[SourceVersion "1"]
[SourceVersionDate "2023.05.31"]
[SourceQuality "1"]

1. e4 e5 2. Nf3 Nc6 3. Bb5 a6 4. Ba4 Bc5 5. 0-0 d6 6. c3 b5 7. Bc2 Nf6 8. h3 h6 9. d4 exd4 10. cxd4 Bb6 11. a4 Bb7 12. b3 0-0 13. Bb2 Re8 14. Re1 Nb4 15. Nc3 Nxc2 16. Qxc2 Qd7 17. axb5 axb5 18. e5 Bxf3 19. exf6 Rxa1 20. Rxa1 Bb7 21. Qd2 Qf5 22. fxg7 Qg5 23. Qxg5 hxg5 24. Nxb5 Re2 25. Rb1 Kxg7 26. Nc3 Rd2 27. Bc1 Rxd4 28. Bxg5 Rd3 29. Rc1 f6 30. Bf4 Rd4 31. Be3 Rb4 32. Bxb6 Rxb6 33. Na4 Rc6 34. Rxc6 Bxc6 35. f4 Kg6 36. Nc3 Kf5 37. g3 d5 38. Kf2 d4 39. Ne2 Ke4 40. h4 d3 41. Nc3+ Kd4 42. Nd1 Bd5 43. h5 Bxb3 44. h6 Bg8 45. Kf3 c5 46. g4 c4 47. g5 fxg5 48. fxg5 Bh7 49. Kf2 c3 50. Ke1 d2+ 51. Ke2 Bd3+ 52. Kf2 c2 53. Nb2 d1N+ 54. Ke1 c1Q 55. Nxd3 Kxd3 56. h7 Qe3+ 57. Kxd1 Qd2# 0-1

[Event "La Guajira-ch"]
[Site "Maicao"]
[Date "2023.03.16"]
[Round "8"]
[White "Fornerino Gutierrez, Saulo Andres"]
[Black "Garcia Meza, Dayner Ricardo"]
[Result "0-1"]
[WhiteElo "1504"]
[BlackElo "1672"]
[PlyCount "48"]
[EventDate "2023.03.16"]
[EventType "tourn (rapid)"]
[EventRounds "17"]
[EventCountry "COL"]
[SourceTitle "CBM 213 Extra"]
[Source "ChessBase"]
[SourceDate "2023.05.31"]
[SourceVersion "1"]
[SourceVersionDate "2023.05.31"]
[SourceQuality "1"]

1. d4 Nf6 2. Bf4 g6 3. Nf3 Bg7 4. e3 d6 5. Bd3 0-0 6. c3 Nbd7 7. Nbd2 h6 8. Qc2 Qe8 9. 0-0-0 b5 10. Bxb5 Rb8 11. Bxd7 Bxd7 12. Qd3 Bf5 13. e4 Nxe4 14. Nxe4 d5 15. Qe3 Qb5 16. b3 Bxe4 17. Nd2 Qa5 18. Nxe4 dxe4 19. c4 Qxa2 20. h4 Qa1+ 21. Kc2 Qa2+ 22. Kc1 Rxb3 23. Qxe4 Rc3+ 24. Qc2 Rxc2# 0-1

[Event "COL-chT"]
[Site "Bucaramanga"]
[Date "2022.09.07"]
[Round "2.1"]
[White "Ortiz Perez, Javier Augusto"]
[Black "Garcia Meza, Dayner Ricardo"]
[Result "1-0"]
[WhiteElo "1880"]
[BlackElo "1600"]
[PlyCount "117"]
[EventDate "2022.09.06"]
[EventType "team-swiss"]
[EventRounds "7"]
[EventCountry "COL"]
[SourceTitle "CBM 210 Extra"]
[Source "ChessBase"]
[SourceDate "2022.11.30"]
[SourceVersion "1"]
[SourceVersionDate "2022.11.30"]
[SourceQuality "1"]
[WhiteTeam "Santander Norgtech"]
[BlackTeam "Guajira II"]
[WhiteTeamCountry "COL"]
[BlackTeamCountry "COL"]

1. e4 e5 2. Nf3 Nc6 3. Bb5 a6 4. Ba4 Nf6 5. 0-0 d6 6. Bxc6+ bxc6 7. d4 exd4 8. Nxd4 Bd7 9. Nc3 Be7 10. f4 0-0 11. Nf5 Re8 12. g4 Bf8 13. Qf3 Bxf5 14. exf5 d5 15. Bd2 Rb8 16. b3 Rb4 17. Ne2 Rbe4 18. Ng3 Bc5+ 19. Kh1 R4e7 20. Rad1 Qd6 21. g5 Ne4 22. f6 Nxg3+ 23. Qxg3 Re2 24. fxg7 d4 25. f5 Qxg3 26. hxg3 Kxg7 27. Rde1 Rxe1 28. Rxe1 Rxe1+ 29. Bxe1 f6 30. Bd2 Bd6 31. Kg2 Be7 32. gxf6+ Kxf6 33. g4 Ke5 34. Kf3 Kd5 35. Bf4 Bd8 36. g5 c5 37. g6 hxg6 38. fxg6 Ke6 39. g7 Kf7 40. Be5 c6 41. Ke4 Be7 42. Kf5 a5 43. a4 Bd8 44. Kg4 Kg8 45. Kf5 Kf7 46. Bd6 Bb6 47. Bf8 Ba7 48. Ke4 Bb8 49. Kd3 Bg3 50. Kc4 Be1 51. Kxc5 Bb4+ 52. Kxc6 Bc3 53. Kd5 Bb2 54. Bc5 d3 55. cxd3 Bxg7 56. Kc6 Ke6 57. d4 Bf6 58. d5+ Ke5 59. Bb6 1-0